000 00854nam a2200253Ia 4500
003 OSt
005 20220923215434.0
006 a|||||r|||| 00| 0
007 ta
008 220922b |||||||| |||| 00| 0 hin d
024 _a178,726
037 _cTextual
040 _aARTS
_cARTS
_bhin
041 _2hin
_ahin
082 _aO152,1M89x, N1
100 _aप्रभाकर, विष्णु, संपा.
245 0 _aप्रसाद रचना संचयन
246 _aPrasād rachanā sanchayana
260 _aनई दिल्ली
_b साहित्य अकादेमी
_c1991
300 _a584 i`-
_ccm.
650 _aहिन्दी साहित्य
_9156264
942 _hO152,1M89x, N1
_cTEXL
_2CC
999 _c332107
_d332107